Christopher Marlowe, Doctor Faustus / (Record no. 1422)
[ view plain ]
| 000 -LEADER | |
|---|---|
| fixed length control field | 00982nam a2200313 a 4500 |
| 001 - CONTROL NUMBER | |
| control field | 1422 |
| 003 - CONTROL NUMBER IDENTIFIER | |
| control field | BD-DhEWU |
| 005 - DATE AND TIME OF LATEST TRANSACTION | |
| control field | 20170225020001.0 |
| 008 - FIXED-LENGTH DATA ELEMENTS--GENERAL INFORMATION | |
| fixed length control field | 891122s1987 enk g 000 0 eng d |
| 020 ## - INTERNATIONAL STANDARD BOOK NUMBER | |
| International Standard Book Number | 0140771867 |
| 035 ## - SYSTEM CONTROL NUMBER | |
| System control number | (OCoLC)43652235 |
| 040 ## - CATALOGING SOURCE | |
| Original cataloging agency | UKM |
| Transcribing agency | UKM |
| Language of cataloging | eng |
| Modifying agency | BD-DhEWU |
| 041 ## - LANGUAGE CODE | |
| Language code of text/sound track or separate title | eng |
| 050 #0 - LIBRARY OF CONGRESS CALL NUMBER | |
| Classification number | PR2664 |
| 082 04 - DEWEY DECIMAL CLASSIFICATION NUMBER | |
| Classification number | 808.82'078 |
| Item number | DOC 1987 |
| 092 ## - LOCALLY ASSIGNED DEWEY CALL NUMBER (OCLC) | |
| Classification number | D0400501428 |
| 100 1# - MAIN ENTRY--PERSONAL NAME | |
| Personal name | Mangan, Michael, |
| 9 (RLIN) | 12108 |
| 245 10 - TITLE STATEMENT | |
| Title | Christopher Marlowe, Doctor Faustus / |
| Statement of responsibility, etc | Michael Mangan |
| 260 ## - PUBLICATION, DISTRIBUTION, ETC. (IMPRINT) | |
| Place of publication, distribution, etc | Harmondsworth : |
| Name of publisher, distributor, etc | Penguin Books, |
| Date of publication, distribution, etc | 1987 |
| 300 ## - PHYSICAL DESCRIPTION | |
| Extent | 106 p. ; |
| Dimensions | 20 cm |
| 490 0# - SERIES STATEMENT | |
| Series statement | Penguin critical studies |
| 504 ## - BIBLIOGRAPHY, ETC. NOTE | |
| Bibliography, etc | Bibliography: p. 106 |
| 526 ## - STUDY PROGRAM INFORMATION NOTE | |
| Program name | English |
| 590 ## - LOCAL NOTE (RLIN) | |
| Local note | Rokon Mahamud |
| 700 1# - ADDED ENTRY--PERSONAL NAME | |
| Personal name | Marlowe, Christopher, |
| Dates associated with a name | 1564-1593. |
| Title of a work | Doctor Faustus. |
| 9 (RLIN) | 527 |
| 856 ## - ELECTRONIC LOCATION AND ACCESS | |
| Materials specified | WorldCat details |
| Uniform Resource Identifier | http://www.worldcat.org/title/christopher-marlowe-doctor-faustus/oclc/43652235&referer=brief_results |
| 942 ## - ADDED ENTRY ELEMENTS (KOHA) | |
| Source of classification or shelving scheme | Dewey Decimal Classification |
| Koha item type | Text |
| Koha issues (borrowed), all copies | 18 |
| Withdrawn status | Lost status | Source of classification or shelving scheme | Damaged status | Not for loan | Home library | Current library | Date acquired | Source of acquisition | Cost, normal purchase price | Total Checkouts | Full call number | Barcode | Copy number | Koha item type | Collection code | Shelving location | Date last seen | Date checked out |
|---|---|---|---|---|---|---|---|---|---|---|---|---|---|---|---|---|---|---|
| Dewey Decimal Classification | Dr. S. R. Lasker Library, EWU | Dr. S. R. Lasker Library, EWU | 06/08/2000 | Karim International | 0.00 | 808.82078 DOC | 1463-8021 | C-2 | Text | |||||||||
| Dewey Decimal Classification | Dr. S. R. Lasker Library, EWU | Dr. S. R. Lasker Library, EWU | 24/10/2000 | Friends Book Corner | 225.00 | 7 | 808.82078 DOC 1987 | 8365 | C-5 | Text | Non-fiction | Circulation Section | 17/11/2016 | 10/11/2016 | ||||
| Dewey Decimal Classification | Not For Loan | Dr. S. R. Lasker Library, EWU | Dr. S. R. Lasker Library, EWU | 06/08/2000 | Friends Book Corner | 254.00 | 808.82078 DOC 1987 | 8020 | C-1 | Text | Non-fiction | Reserve Section | ||||||
| Dewey Decimal Classification | Dr. S. R. Lasker Library, EWU | Dr. S. R. Lasker Library, EWU | 24/10/2000 | Friends Book Corner | 225.00 | 12 | 808.82078 DOC 1987 | 8363 | C-3 | Text | Non-fiction | Circulation Section | 09/07/2025 | 08/07/2025 | ||||
| Dewey Decimal Classification | Dr. S. R. Lasker Library, EWU | Dr. S. R. Lasker Library, EWU | 24/10/2000 | Friends Book Corner | 225.00 | 7 | 808.82078 DOC 1987 | 8364 | C-4 | Text | Non-fiction | Circulation Section | 06/12/2017 | 14/11/2016 |